00447nam a2200109 4500008000900000082001400009100002000023245008500043260007000128300003600198650010300234708 Z94e a708bZ94e aZumbado, Manuel aEstructuras:bdocumentos sobre video-instalaciones, obra pictórica y gráfica aSan José, Costa RicabCentro Cultural de España en Costa Rica a120 p.bill (col)c19.5 x 23 cm xarte contemporáneoxarte - exhibicionesxarte - catálogo de exhibiciónxarte - instalaciones